01225nam a2200241Ia 4500001001100000003001000011008004100021040002500062041001300087100003800100245002700138250001100165260010900176300001200285500016000297501011400457520016000571650003400731942000700765957000600772999004300778952016200821L251-18029IT-CnALBA170116s9999||||xx |||||||||||||| ||und|| aIT-CnALBAcIT-CnALBA aITALIANO aGIORDANO GIOV. BATTISTA, CANONICO 0aQUARESIMALE. VOL. II.  a1a ed. aMILANO - TORINObARTIGIANELLI TIPOG. S. GIUSEPPE. MI. TO'c1872 [1° Ed.:1872 - Ed.Ling.Originale: 1872] a532 p.  aZELO PER LA RELIGIONE. RISPETTO UMANO. ABUSO DELLA STAMPA. EDUCAZIONE. DONNA CRISTIANA. GIUDIZIO UNIVERSALE. MORTE DEL GIUSTO. IL FIGLIUOL PRODIGO. ETC...  aSocietà San Paolo EM - Piazza San Paolo, 14 - 12051 ALBA (CN) (non commercial uses only) ® Copyright 2017 aZELO PER LA RELIGIONE. RISPETTO UMANO. ABUSO DELLA STAMPA. EDUCAZIONE. DONNA CRISTIANA. GIUDIZIO UNIVERSALE. MORTE DEL GIUSTO. IL FIGLIUOL PRODIGO. ETC...  aPREDICAZIONE - ORATORIA SACRA cBK 71 a22775bSI g Copie: 1 c277160d277160 0010406L_2511802971aALBAbALBAd2017-01-16l0oL251-18029r2017-01-16 00:00:00w2017-01-16yBKz(data import: 16 gennaio 2017) - By Epidotti, Vaglietti.